|
|
|
|
| LEADER |
01558cas a2200241 a 4500 |
| 001 |
AALejournalIMF007364 |
| 008 |
230101c9999 xx r poo 0 0eng d |
| 020 |
|
|
|c 5.00 USD
|
| 020 |
|
|
|z 9781451973938
|
| 022 |
|
|
|a 1018-5941
|
| 040 |
|
|
|a BD-DhAAL
|c BD-DhAAL
|
| 100 |
1 |
|
|a Ghosh, Atish.
|
| 245 |
1 |
4 |
|a The Output-Inflation Nexus in Ukraine :
|b Is there a Trade-Off? /
|c Atish Ghosh.
|
| 264 |
|
1 |
|a Washington, D.C. :
|b International Monetary Fund,
|c 1996.
|
| 300 |
|
|
|a 1 online resource (36 pages)
|
| 490 |
1 |
|
|a IMF Working Papers
|
| 500 |
|
|
|a <strong>Off-Campus Access:</strong> No User ID or Password Required
|
| 500 |
|
|
|a <strong>On-Campus Access:</strong> No User ID or Password Required
|
| 506 |
|
|
|a Electronic access restricted to authorized BRAC University faculty, staff and students
|
| 520 |
3 |
|
|a This paper examines whether expansionary credit policy can help sustain output growth in transition economies, with particular reference to Ukraine's experience since 1992. We find that, while real credit growth is indeed associated with higher output growth, an increase in the growth rate of nominal credit does not, in general equilibrium, stimulate output growth. Following a short-lived boom - caused by falling real wages - the increase in the growth rate of nominal credit leads to a decline in the level of output.
|
| 538 |
|
|
|a Mode of access: Internet
|
| 830 |
|
0 |
|a IMF Working Papers; Working Paper ;
|v No. 1996/046
|
| 856 |
4 |
0 |
|z Full text available on IMF
|u http://elibrary.imf.org/view/journals/001/1996/046/001.1996.issue-046-en.xml
|z IMF e-Library
|